000 00460pab a2200169 454500
008 180718b2000 xxu||||| |||| 00| 0 eng d
100 _aTaylor, Bill
245 _aTrade union and social capital in transitional communist states: the case of China
260 _c2000
300 _ap.341-54
362 _aDec
650 _aSocial capital - China
650 _aTrade unions - China
650 _aTrade unions
773 _aPolicy Sciences
909 _a48403
999 _c48403
_d48403